Introduction to biotechnology : (Record no. 612311)
[ view plain ]
| 000 -LEADER | |
|---|---|
| fixed length control field | 01272cam a22003014a 4500 |
| 001 - CONTROL NUMBER | |
| control field | 13318246 |
| 003 - CONTROL NUMBER IDENTIFIER | |
| control field | NUST |
| 005 - DATE AND TIME OF LATEST TRANSACTION | |
| control field | 20241114124522.0 |
| 008 - FIXED-LENGTH DATA ELEMENTS--GENERAL INFORMATION | |
| fixed length control field | 030820s2005 nyua 001 0 eng |
| 010 ## - LIBRARY OF CONGRESS CONTROL NUMBER | |
| LC control number | 2003061282 |
| 020 ## - INTERNATIONAL STANDARD BOOK NUMBER | |
| International Standard Book Number | 076684272X |
| 040 ## - CATALOGING SOURCE | |
| Original cataloging agency | DLC |
| Transcribing agency | DLC |
| Modifying agency | DLC |
| 042 ## - AUTHENTICATION CODE | |
| Authentication code | pcc |
| 050 00 - LIBRARY OF CONGRESS CALL NUMBER | |
| Classification number | S494.5.B563 |
| Item number | H47 2005 |
| 082 00 - DEWEY DECIMAL CLASSIFICATION NUMBER | |
| Classification number | 660.6 |
| Edition number | 22 |
| 100 1# - MAIN ENTRY--PERSONAL NAME | |
| Personal name | Herren, Ray V. |
| 9 (RLIN) | 69131 |
| 245 10 - TITLE STATEMENT | |
| Title | Introduction to biotechnology : |
| Statement of responsibility, etc. | Ray V. Herren. |
| 246 30 - VARYING FORM OF TITLE | |
| Title proper/short title | Biotechnology |
| 260 ## - PUBLICATION, DISTRIBUTION, ETC. | |
| Place of publication, distribution, etc. | Clifton Park, N.Y. : |
| Name of publisher, distributor, etc. | Delmar Learning, |
| Date of publication, distribution, etc. | c2013. |
| 300 ## - PHYSICAL DESCRIPTION | |
| Extent | xv, 420 p. : |
| Other physical details | col. ill. ; |
| Dimensions | 27 cm. |
| 700 ## - ADDED ENTRY--PERSONAL NAME | |
| Relator code | Catalouge by Rani Shaista Kanwal |
| 856 42 - ELECTRONIC LOCATION AND ACCESS | |
| Materials specified | Publisher description |
| Uniform Resource Identifier | <a href="http://www.loc.gov/catdir/enhancements/fy1103/2003061282-d.html">http://www.loc.gov/catdir/enhancements/fy1103/2003061282-d.html</a> |
| 856 41 - ELECTRONIC LOCATION AND ACCESS | |
| Materials specified | Table of contents only |
| Uniform Resource Identifier | <a href="http://www.loc.gov/catdir/enhancements/fy1103/2003061282-t.html">http://www.loc.gov/catdir/enhancements/fy1103/2003061282-t.html</a> |
| 856 42 - ELECTRONIC LOCATION AND ACCESS | |
| Materials specified | Contributor biographical information |
| Uniform Resource Identifier | <a href="http://www.loc.gov/catdir/enhancements/fy1103/2003061282-b.html">http://www.loc.gov/catdir/enhancements/fy1103/2003061282-b.html</a> |
| 906 ## - LOCAL DATA ELEMENT F, LDF (RLIN) | |
| a | 7 |
| b | cbc |
| c | orignew |
| d | 1 |
| e | ocip |
| f | 20 |
| g | y-gencatlg |
| 942 ## - ADDED ENTRY ELEMENTS (KOHA) | |
| Source of classification or shelving scheme | |
| Koha item type | Book |
| Withdrawn status | Lost status | Source of classification or shelving scheme | Damaged status | Not for loan | Permanent Location | Current Location | Shelving location | Date acquired | Total Checkouts | Full call number | Barcode | Date last seen | Price effective from | Koha item type |
|---|---|---|---|---|---|---|---|---|---|---|---|---|---|---|
| Atta-ur-Rahman School of Applied Biosciences (ASAB) | Atta-ur-Rahman School of Applied Biosciences (ASAB) | Book Cart | 11/14/2024 | 660.6 HER 2013 3522 | ASAB3522 | 11/14/2024 | 11/14/2024 | Book |
